000 02698cam a22004214i 4500
003 PE-LiUPU
005 20250731173143.0
008 150623s1880 nyu r 000 0 eng d
035 _a(Sirsi) a27647
040 _aPE-LiUPU
_bspa
_cPE-LiUPU
_erda
082 0 4 _a220.07
_bJ72
_221
100 1 _aJohnson,
_eautor.
245 1 0 _aBible text-books /
_cJohnson.
264 1 _aNew York :
_bAmerican Tract Socity,
_c1880.
300 _a208 páginas ;
_c15 centímetros
336 _atext
_2rdacontent
337 _aunmediated
_2rdamedia
338 _avolume
_2rdacarrier
500 _aSin portada.
505 0 _aThe word of God -- Power of the word -- Government of God -- Rebellion against the government of God -- Plan of redemption -- The law of God -- The sabbath -- The first day sunday -- Sabbath changed and restored -- Character and work of satan -- Character and work of God and Christ -- Christ and Anticrist -- Gospel of Christ -- Coomunications from God under the new relations -- Tithes and offerings. Regeneration, justification. Faith. Grace of God. Holy spirit, its offices and gifts. Typical ordinances. Gospel or memorial ordinances -- The two laws -- Sabbaths -- The great images -- Kingdom of glory -- Four great beats -- The 2300 days -- The worldly or typical sanctuary and its service. The heavenly sanctuary and its cleansing. The investigative judgment. The open book and the first angel's message -- Midnight cry and second angel's message -- The dragon and the ten-horned beast of revelation 12 and 13 -- The two-horned beast of revelations 13 -- Union of chruch and state in rome develops the papacy, or the beast of rev. 13:1-10 -- Union of chruch and state in the united states develops the image to the beast -- The true and false theocracy -- Separation of chruch and state -- Teh great babylon and her fall -- The seven seals -- Proper diet for man -- Second advent of Christ -- Signs of Christ's -- End of the wicked -- The day of the Lord -- Covenants.
526 _aSEG42
526 _aSEG41
526 _aSEG40
526 _aSEG39
526 _aP94
526 _aP87
526 _aP86
526 _aP85
526 _aP77
526 _aP76
526 _aP35
630 _aBiblia
_xEstudio y Enseñanza.
942 _2ddc
_cBOOK
949 _a220.07 J72
_wDEWEY
_c1
_i52949
_lCCODEBUL1
_mBUL
_p3.00
_r0
_sY
_tBOOK
_u2015-06-24
_xTEOLOGIA
_PP35
_0COMPRA
_o.STAFF. Colección Teología
596 _a1
999 _a220.07 J72
_wDEWEY
_c34808
_i52949
_f2021-11-11
_g5
_lCCODEBUL1
_mBUL
_p3.00
_r0
_sY
_tBOOK
_u2015-6-24
_xTEOLOGIA
_PP35
_0COMPRA
_o.STAFF. Colección Teología
_d34808
980 _81
_gALBERTO SANCHEZ Responsable de Automatización